[Event "RUS-ch Superfinal 61st"]
[Site "Moscow"]
[Date "2008.10.04"]
[Round "2"]
[White "Alekseev, Evgeny V"]
[Black "Timofeev, Artyom"]
[Result "1-0"]
[WhiteElo "2715"]
[BlackElo "2670"]
[Annotator "Ftacnik,L"]
[PlyCount "107"]
[EventDate "2008.10.03"]
[EventType "tourn"]
[EventRounds "11"]
[EventCountry "RUS"]
[EventCategory "17"]
[SourceTitle "EXT 2010"]
[Source "ChessBase"]
[SourceDate "2010.11.25"]
[SourceVersion "1"]
[SourceVersionDate "2010.11.25"]
[SourceQuality "1"]

1. e4 c5 2. Nf3 d6 3. Bb5+ Nd7 4. d4 Ngf6 5. Nc3 a6 6. Bxd7+ Nxd7 7. O-O e6 8.
d5 {The serious strategical decision. White has a development advantage, but
due to the absence of the light squared bishop he decides to imprint the
position a closed character.} e5 9. a4 Be7 10. Nd2 O-O 11. Nc4 Nb6 12. Ne3 Bg5
(12... Bd7 13. Nf5 (13. Qd3 Bg5 14. a5 Nc8 15. b3 g6 16. Nc4 Bxc1 17. Raxc1 Bb5
18. Ra1 f5 19. f4 exf4 20. Rxf4 Bxc4 21. Qxc4 Qg5 22. exf5 Rxf5 23. Rxf5 Qxf5
24. Rf1 Qe5 25. Qe4 Qxe4 26. Nxe4 {1-0 Breder,D (2438)-Rajlich,V (2338)/
Budapest 2002 (60)}) 13... Nc8 14. f4 Bf6 15. fxe5 Bxe5 16. Bf4 Bxf5 17. exf5
Bd4+ 18. Kh1 Re8 19. Qd3 Nb6 20. a5 Nd7 21. Bxd6 Ne5 22. Bxe5 Rxe5 23. Qc4 Qd6
24. Rae1 Rae8 25. Rxe5 Rxe5 26. Na4 Qxd5 27. Qxd5 Rxd5 28. Nb6 {1-0 Laznicka,V
(2525)-Stocek,J (2580)/Brno 2006 (45)}) 13. Qe2 Bd7 14. a5 $5 {The first
independent move makes a very healthy impression. Alekseev would like to use
the benefit of the optimal c4 square for the knight.} (14. Bd2 g6 15. b3 f5 16.
Nc4 Nxc4 17. Bxg5 Qxg5 18. bxc4 f4 19. f3 Rae8 20. Rfb1 Bc8 21. a5 Qf6 22. Na4
g5 23. Nb6 Rf7 24. Rb3 h5 25. Rab1 {0-1 Sanduleac,V (2492)-Gelashvili,T (2576)/
Turin 2006 (62)}) 14... Nc8 15. Bd2 Bf4 (15... Qf6 16. Nc4 Bxd2 17. Qxd2 $14)
16. Rfb1 Na7 17. Nc4 Nb5 $2 {Timofeev is making a very unfortunate strategical
decision as he provokes the exchange on the f4 square. White will be able to
quickly enhance his advantage.} (17... Bxd2 18. Qxd2 Qc7 19. f4 f6 $14) 18.
Bxf4 exf4 (18... Nxc3 19. bxc3 exf4 20. Nxd6 $18) 19. Nb6 Nd4 (19... Nxc3 20.
bxc3 Rb8 21. Qf3 g5 22. h4 f6 23. Qh5 $16) 20. Qd3 Rb8 21. Ne2 Nxe2+ 22. Qxe2
Qe7 (22... Qc7 23. Qd2 g5 24. h4 f6 25. hxg5 fxg5 26. e5 dxe5 27. d6 Qc6 28.
Re1 Rbe8 29. Nxd7 Qxd7 30. Qd5+ $16) 23. b4 $1 {[%mdl 32] The semi opening of
the b file will push all the trumphs into white hands. In the pawn structure
similar to Benoni he will be able to fight for the endgame advantage.} (23. Qf3
g5 24. h4 f6 25. b4 $16) 23... cxb4 24. Rxb4 f5 (24... Bb5 25. Qd2 f3 26. gxf3
f5 27. Re1 $16) 25. Qf3 Qe5 26. Rab1 Bb5 (26... Rbd8 27. Nc4 fxe4 28. Nxe5 exf3
29. Nxf3 Bc8 30. Rd4 $16) 27. h3 Rf7 28. exf5 Qxf5 29. c4 Be8 30. Re1 $1 {
The only open file on the board plays a key role in the white's plans.} Rf6 (
30... Rd8 31. Rb2 Rf8 32. Qg4 $16) 31. Qg4 Qxg4 (31... Rd8 32. Qxf5 Rxf5 33.
Rb2 $16) 32. hxg4 f3 (32... Rd8 33. Rb2 Bg6 34. f3 Rf7 35. Rbe2 Kf8 36. g3 fxg3
37. Kg2 $16) 33. Rb3 $1 fxg2 34. Rbe3 {Alekseev is cleverly mounting the
pressure and in the coming phase will play for the complete domination.} Kf8 (
34... Bg6 35. Nd7 $18) 35. Kxg2 (35. Rxe8+ $2 Rxe8 36. Nd7+ Kf7 37. Rxe8 Kxe8
38. Nxf6+ gxf6 39. Kxg2 Kd7 40. Kf3 Kc7 41. Kf4 b6 42. axb6+ Kxb6 43. g5 fxg5+
44. Kxg5 a5 $15) 35... Rd8 36. Kg3 Bd7 $2 {The serious mistake in the position
with diminishing number of sensible moves.} (36... Rf7 37. f4 $16) 37. Re7 $1
Be8 (37... Bc8 38. Rc7 $18) (37... Rf7 $2 38. Nxd7+ Rxd7 39. Re8#) 38. Rxb7 Rf7
39. Rxf7+ Bxf7 40. f4 {White keeps pushing to realize his plan, but in the
meantime he managed to win the spare pawn.} h5 (40... Be8 41. f5 h6 42. Kf4 Bf7
43. g5 $18) 41. f5 hxg4 42. Kxg4 Bg8 (42... g6 43. f6 $18) 43. Kg5 Kf7 44. Re3
Bh7 45. Re6 Bg8 (45... Kf8 46. f6 Kg8 47. fxg7 Kxg7 48. Re7+ Kh8 49. Kf6 $18)
46. c5 $1 dxc5 47. Rc6 {Timfeev is not able to prevent white d pawn from
advnacing to d7 square.} Ke7 (47... Kf8 48. d6 c4 49. d7 Bf7 50. f6 $18) 48.
d6+ Kf8 (48... Rxd6 49. Nc8+ Kd7 50. Rxd6+ Kxc8 51. Rxa6 $18) 49. d7 c4 50. Rc8
Ke7 51. Kg6 Bf7+ 52. Kxg7 {The fight has ended with a convincing success of
white's strategy.} Rg8+ (52... Rxd7 53. f6+ Kd6 54. Nxd7 $18) 53. Rxg8 Bxg8 54.
f6+ 1-0

[Event "Montreal 3rd"]
[Site "Montreal"]
[Date "2002.07.30"]
[Round "6"]
[White "Degraeve, Jean Marc"]
[Black "Charbonneau, Pascal"]
[Result "1-0"]
[WhiteElo "2586"]
[BlackElo "2422"]
[Annotator "Ftacnik,L"]
[PlyCount "97"]
[EventDate "2002.07.25"]
[EventType "tourn"]
[EventRounds "11"]
[EventCountry "CAN"]
[EventCategory "11"]
[SourceTitle "CBM 091"]
[Source "ChessBase"]
[SourceDate "2002.11.12"]
[SourceVersion "1"]
[SourceVersionDate "2002.11.12"]
[SourceQuality "1"]

1. e4 c5 2. Nf3 d6 3. Bb5+ Nd7 4. d4 Ngf6 5. Nc3 cxd4 6. Qxd4 e5 7. Qd3 h6 8.
Be3 Be7 9. Bc4 a6 10. a4 Qc7 11. Nd2 O-O 12. O-O Nc5 13. Bxc5 {White is giving
up the bishop in order to fight for the control of the d5 square.} Qxc5 14. Nd5
Nxd5 15. Bxd5 Rb8 16. a5 Bd7 (16... Be6 $5) 17. Rfd1 Kh8 18. Nc4 Bb5 (18... f5
19. Qe3 Qxe3 20. Nxe3 $14) 19. Qe3 (19. c3 Rfc8 20. b3 Rf8 $14) 19... Rbc8 (
19... Bxc4 20. Qxc5 dxc5 21. Bxc4 Rbd8 22. Rxd8 Bxd8 23. Bd5 $16) (19... Qxe3
20. Nxe3 g6 21. c4 Bc6 22. b4 $14) 20. Qxc5 Rxc5 21. Ne3 Bg5 (21... Bc6 22. b4
(22. Bxc6 bxc6 (22... Rxc6 23. c3 $14) 23. b4 Rc3 24. Nf5 Re8 25. Ra2 Rc4 26.
Rb2 Rxe4 27. f3 Rc4 28. Nxe7 Rxe7 29. Rxd6 $14) 22... Rc3 23. Rd3 Rxd3 24. cxd3
Bg5 25. Rc1 Kg8 26. Rc3 Bxe3 27. fxe3 $14) 22. Nf5 Rxc2 (22... Be2 $5 23. Re1
Rxc2 24. b4 Bd3 25. Nxd6 Kg8 $13) 23. Nxd6 Rxb2 $2 {[%mdl 4096] Charbonneau
must have believed, that activity of his pieces amptly compensates for the
compromised pawn structure.} (23... Be2 24. Nxf7+ (24. Re1 Kg8 $13) 24... Rxf7
25. Bxf7 Bxd1 26. Rxd1 Rxb2 27. Kf1 Bd2 28. Ra1 $11) 24. Nxf7+ Kh7 25. Ra2 $1
Rxa2 (25... Rb4 26. Nxe5 $16) 26. Nxg5+ (26. Bxa2 Bf6 27. Bd5 Bc6 28. Nd6 Rd8
$11) 26... hxg5 27. Bxa2 Bc6 28. Bd5 Rc8 (28... Rd8 29. f3 Bb5 30. Rc1 Rb8 31.
Rc7 b6 32. axb6 Rxb6 33. Re7 Kg6 34. Rxe5 a5 35. Kf2 a4 36. Re7 $16) 29. f3 Kg6
(29... Bxd5 30. Rxd5 Re8 31. Rd7 Rc8 32. Kf2 Rc2+ 33. Kg3 g4 34. fxg4 Rc4 35.
Rxb7 Rxe4 36. Rb6 $18) 30. Kf2 Kf6 31. Rc1 Ke7 (31... Bd7 32. Rb1 Rc2+ 33. Kg3
Bb5 34. Bxb7 Ke7 (34... Ra2 $2 35. Bxa6 $1 $18) 35. Rd1 Ra2 36. Rd5 Bf1 37.
Rxe5+ Kf6 38. Rf5+ Kg6 39. f4 Rxg2+ 40. Kf3 $18) 32. Bxc6 Rxc6 (32... bxc6 33.
Rb1 Kd6 34. Rb7 Rc7 35. Rb6 $18) 33. Rb1 {The rook endgame is extremely
difficult for the defender, as g5 pawn remains very weak.} Rc7 (33... Rc5 34.
Rxb7+ Kf8 35. Kg3 Rxa5 36. Rb2 Rb5 37. Ra2 a5 38. Kg4 $16) 34. Rb6 g4 (34...
Kf8 35. Kg3 Rc5 36. Rxb7 Rxa5 37. Rb2 $18) 35. fxg4 Kf8 36. g5 Rc5 (36... Kf7
37. g6+ Kf8 38. Kf3 $18) 37. g6 Rxa5 (37... Rb5 38. Rxb5 axb5 39. g4 Ke7 40. g5
$18) 38. Rxb7 Ra2+ 39. Kf3 Ra3+ 40. Kg4 Ra2 41. Kf5 Rf2+ (41... Rxg2 42. Rf7+
Kg8 (42... Ke8 43. Rxg7 Rxh2 44. Ra7 Kf8 45. Rxa6 $18) 43. Ra7 Kf8 44. Rxa6
Rxh2 $140 45. Ke6 $1 $18) 42. Kxe5 Rf6 (42... Rxg2 43. Rb6 Rg5+ (43... Rxh2 $2
44. Ke6 $18) 44. Kf4 Rh5 (44... Ra5 45. e5 $18) 45. Rxa6 Rxh2 46. e5 $18) 43.
Rf7+ $1 {Not a difficult decision, but still an excellent move, that transfers
the game into winning pawn endgame for white.} Rxf7 (43... Kg8 44. Rxf6 gxf6+
45. Kxf6 a5 46. e5 $18) 44. gxf7 Kxf7 45. h4 a5 46. h5 a4 47. Kd4 Ke6 48. g4
Kf6 49. Kc3 (49. Kc3 Ke5 50. g5 Ke6 51. Kb4 Ke5 52. h6 gxh6 53. gxh6 Kf6 54.
e5+ Kg6 55. e6 $18) 1-0

[Event "London Classic"]
[Site "London"]
[Date "2009.12.13"]
[Round "5"]
[White "Ni, Hua"]
[Black "Carlsen, Magnus"]
[Result "0-1"]
[WhiteElo "2665"]
[BlackElo "2801"]
[Annotator "Ftacnik,L"]
[PlyCount "84"]
[EventDate "2009.12.08"]
[EventType "tourn"]
[EventRounds "7"]
[EventCountry "ENG"]
[EventCategory "18"]
[SourceTitle "CBM 134"]
[Source "ChessBase"]
[SourceDate "2010.01.18"]
[SourceVersion "1"]
[SourceVersionDate "2010.01.18"]
[SourceQuality "1"]

1. e4 c5 2. Nf3 d6 3. Bb5+ Nd7 {The knight move has the reputation of being a
fighting line, but Black is falling behind in development.} 4. d4 a6 5. Bxd7+
Bxd7 6. dxc5 dxc5 7. Nc3 e6 8. Bf4 {Ni Hua is clearly ahead in creating the
play, but Black has no real weaknesses.} (8. Ne5 Ne7 (8... Qc7 9. Qxd7+ (9.
Nxd7 Rd8 (9... O-O-O $5 10. Qf3 Rxd7 11. Bf4 Bd6 $11) 10. Qf3 Rxd7 11. Bf4 Qc6
12. O-O Nf6 13. Rfd1 Be7 14. Rxd7 Nxd7 15. Qg3 O-O 16. Rd1 Rc8 17. Bd6 $14 {
1/2-1/2 Unzicker,W (2535)-Najdorf,M (2520)/Nice 1974 (39)}) 9... Qxd7 10. Nxd7
Kxd7 11. Bf4 Kc6 12. O-O-O Nf6 13. f3 Be7 14. Ne2 Rad8 15. Rxd8 Rxd8 16. Rd1
Nd7 17. b3 h5 18. c3 g5 19. Be3 Rg8 {0-1 Romero Holmes,A (2544)-Bologan,V 
(2673)/Pamplona 2003 (61)}) 9. Qh5 Ng6 10. Nxg6 fxg6 11. Qe5 Qf6 12. Bf4 Be7 {
1/2-1/2 Zvjaginsev,V (2650)-Bu Xiangzhi (2620)/Moscow 2004}) 8... Ne7 9. Ne5 (
9. Qe2 Ng6 10. Bg3 Be7 11. h4 h5 12. O-O-O b5 13. e5 b4 14. Ne4 Qa5 15. Kb1 Qb5
16. Rd3 c4 17. Nd6+ Bxd6 18. Rxd6 b3 19. Nd4 {1/2-1/2 Hracek,Z (2595)-Lutz,C 
(2596)/Mallorca 2004}) 9... Ng6 {The defender has no time for niceties as
White is ready to strike.} (9... Bb5 $2 10. Qh5 g6 11. Qf3 Nc6 12. Nxc6 Bxc6
13. Be5 Rg8 14. Rd1 Qg5 15. Bf6 Qh5 16. g4 Qh6 17. g5 (17. Nd5 exd5 18. exd5
Ba4 19. d6 Bxd6 20. Rxd6 $18) 17... Qh4 18. Qg3 Qxg3 19. hxg3 $16 {1/2-1/2
Adams,M (2729)-Bu Xiangzhi (2708)/Yerevan 2008 (64)}) 10. Qh5 (10. Bg5 Qc7 11.
Nxd7 Qxd7 12. Qxd7+ Kxd7 13. Be3 Bd6 14. g3 Kc6 15. O-O-O Rad8 16. Rhe1 b5 17.
Nb1 Bc7 18. Nd2 {1/2-1/2 Riff,J (2428)-Cossin,S (2395)/Rosny sous Bois 2004 
(39)}) 10... Bc6 {Carlsen must play well to keep his chances for equality
alive. A good alternative seem to be the queen foray to h4.} (10... Nxe5 11.
Bxe5 Bc6 12. O-O Qa5 13. Rad1 c4 14. Qg5 Qc5 15. Rfe1 f6 16. Bxf6 Qxg5 17. Bxg5
Bb4 18. a3 Bxc3 19. bxc3 h6 20. Bf4 $16 {1-0 Brkic,A (2544)-Feletar,D (2377)/
Sibenik 2009 (52)}) (10... Qh4 $5 11. Qxh4 Nxh4 12. O-O Rd8 13. Nxd7 Rxd7 14.
Be3 $14) 11. Bg3 (11. Nxg6 fxg6 12. Qg4 Qf6) (11. Nxc6 Nxf4 12. Nxd8 Nxh5 13.
Nxb7 Rb8 14. Na5 Rxb2 15. O-O-O Rb8 $14) 11... Nxe5 (11... Be7 12. Nxc6 bxc6
13. f4 Qb8 14. O-O-O Nxf4 15. Qg4 g5 16. h4 $14) 12. Bxe5 c4 13. O-O (13. f4 $5
b5 14. a3 Qd7 15. Rf1 O-O-O 16. Rd1 Qb7 17. Rxd8+ Kxd8 18. Rf2 $14) 13... Qa5
14. Qg5 h6 15. Qg3 {White is losing momentum and opts for the second best move.
More challenging for the opponent would have been the retreat to f4.} (15. Qf4
$5 h5 (15... f6 16. Bxf6 (16. Bc7 Qg5 17. Qf3 Bb4 $11) 16... gxf6 17. Qxf6 Rh7
18. Qxe6+ Re7 19. Qg6+ $16) 16. Rad1 f6 17. Bc7 Qg5 $11) 15... f6 16. Qg6+ (16.
Bc7 Qg5 17. Qf3 Bb4 18. Qe2 Kf7 $11) 16... Ke7 17. Bf4 (17. Bd4 Qg5 18. Qxg5
hxg5 19. Rad1 $11) 17... Be8 18. Qg3 Kf7 19. Rad1 Bc6 20. Rd2 e5 $1 {Carlsen
has a very good feel for the position and is ready to fight for the advantage
at the first suitable moment.} (20... Be7 21. Rfd1 Rac8 22. Bd6 Bxd6 23. Rxd6
Rhd8 $11) 21. Be3 Bb4 22. f4 Rhe8 23. f5 Bc5 {Not even the player heading for
the top spot in the rating list has found the courage to play provocative
solution of grabbing the pawn on c3.} (23... Bxc3 $5 24. bxc3 Qxc3 25. Qg6+ Kg8
26. Bxh6 Re7 27. Qg4 Qb2 $15) 24. Rfd1 Rad8 25. Rxd8 Bxe3+ (25... Rxd8 $4 26.
Qg6+ Kg8 27. Rxd8+ Qxd8 28. Bxc5 $18) 26. Qxe3 Rxd8 27. Rxd8 Qxd8 28. Kf2 Qd6 {
[%mdl 4096] For most mortals the chances would seem fairly even, but Magnus is
envisaging a pawn advance on the queenside.} (28... Qd4 29. Kf3 (29. Qxd4 exd4
30. Ne2 Bxe4 31. Nxd4 Ke7 $15) 29... Qd6 $11) 29. a3 a5 30. Kf3 (30. Ke2 Qd4
31. Kf3 $11) 30... Kg8 (30... b5 31. Qe2 (31. Qa7+ $2 Kg8 32. Qxa5 Qd2 $17)
31... Qd4 32. Qe3 Qd7 33. Ke2 b4 $15) 31. g3 $2 {Ni Hua can not afford waiting
tactics as Black is making progress with his plan.} (31. Ke2 $1 Kf8 (31... b5
32. Qb6 $14) 32. Qb6 Qd4 33. Qxa5 Bxe4 34. Qa8+ Kf7 35. Qc8 $15) 31... b5 $1
32. Ke2 (32. Qb6 $4 Bxe4+ $19) 32... b4 33. axb4 axb4 34. Nd1 {The choice of
retreats for the knight was not exactly encouraging; White probably played the
best move.} (34. Nd5 $2 Bxd5 35. Qd2 c3 36. bxc3 Bc4+ $19) (34. Na2 $5 Bb7 35.
c3 Qa6 36. Nxb4 Qa1 37. Nd5 Qh1 $17) 34... Ba4 (34... Qd4 35. c3 Qxe4 (35...
bxc3 36. Nxc3 Qd6 37. Qd2 $11) 36. Qxe4 Bxe4 37. cxb4 Bxf5 38. b5 Kf7 39. b6
Be4 40. Ne3 Ke6 41. Nxc4 $11) 35. b3 $2 {The opening of the position is
certainly in Black's favour as his bishop is stronger than the knight.} (35.
Qd2 $1 Qd4 36. Qxd4 exd4 37. Kd2 Bb5 38. c3 dxc3+ 39. bxc3 b3 40. Ke3 Be8 41.
Kd4 Bf7 $15) 35... cxb3 36. cxb3 Qa6+ (36... Bb5+ 37. Ke1 Qc6 38. Kd2 Qa8 39.
Qc5 Qa2+ $17) 37. Kd2 Bb5 38. Qc5 Qa2+ 39. Qc2 $6 {The last move before the
time control deserves some criticism, since White will not be able to stop the
pesky enemy pieces.} (39. Kc1 Qe2 (39... Be2 40. Ne3 Kh7 41. Nd5 Qa1+ 42. Kc2
Qd1+ (42... Bd1+ 43. Kd3 Bxb3 44. Qxb4 Qf1+ $17)) 40. Qxb4 Bd3 41. Qd2 Qxe4 42.
g4 Bf1 $17) 39... Qa7 $1 40. Qc8+ Kh7 41. Kc1 Qa1+ 42. Kc2 Qd4 {The triumph of
Black's strategy, the white position will fall apart.} 0-1

[Event "Olympiad-31"]
[Site "Moscow"]
[Date "1994.12.04"]
[Round "4.3"]
[White "Ulybin, Mikhail"]
[Black "Istratescu, Andrei"]
[Result "1-0"]
[WhiteElo "2510"]
[BlackElo "2515"]
[Annotator "Gagarin,V"]
[PlyCount "73"]
[EventDate "1994.12.01"]
[EventType "team-swiss"]
[EventRounds "14"]
[EventCountry "RUS"]
[SourceTitle "CBM 045"]
[Source "ChessBase"]
[SourceDate "1995.04.01"]
[SourceVersion "1"]
[SourceVersionDate "1995.04.01"]
[SourceQuality "1"]
[WhiteTeam "Russia II"]
[BlackTeam "Romania"]
[WhiteTeamCountry "RUS"]
[BlackTeamCountry "ROU"]

1. e4 c5 2. Nf3 d6 3. Bb5+ Nd7 4. d4 Ngf6 5. Nc3 cxd4 6. Qxd4 a6 (6... e5) 7.
Bxd7+ Bxd7 (7... Nxd7 8. Bg5 f6 $5 9. Be3 e6 10. O-O-O b5 11. h4 Bb7 {Short,
N-Ljubojevic,L/London/1982/0:1/39/} 12. g4 $14 {/\ g5/}) 8. Bg5 h6 $6 (8... e6
$5 9. O-O-O Be7 10. e5 dxe5 11. Nxe5 Bc6 12. Nxc6 bxc6 13. Qa4 Qb6 (13... Qc7
14. Bf4 $14) 14. Be3 Qb7 15. Qb3 $14) (8... Qa5 9. O-O Bg4 10. b4 Qd8 11. Nd2
Rc8 12. Nd5 e5 13. Qd3 Be7 14. Bxf6 Bxf6 15. Nc4 Bg5 16. Nde3 $16 {Milov,
V-Petrosian,A/Podolsk/1990/1:0/31/}) 9. Bxf6 gxf6 10. Nd5 (10. O-O-O Rg8 11.
Nd5 $1 $16 {Hecht,H.J-Browne,W/Malaga/1972/}) 10... Rc8 11. O-O-O $16 Qa5 12.
Nb6 (12. Kb1 Qc5 $5 $14) 12... Rc5 (12... Qxa2 $6 13. Nxc8 Bxc8 14. Qc3 $16)
13. Nxd7 Kxd7 14. Kb1 Rg8 15. Nd2 $1 Qc7 16. Qd3 e6 {/\ Rg2/} 17. g3 f5 (17...
Be7 $5) 18. f4 fxe4 19. Nxe4 Rf5 20. c4 Be7 21. Nc3 Qc6 22. Rhe1 {/\ Nd5/} Rc5
23. Qh7 Rf8 24. Qxh6 Rc8 $2 {>< f7/} (24... Rxc4 $142 $16) 25. Qg7 $1 $18 Ke8 (
25... Rf8 26. Ne4 Rxc4 27. Nxd6 $1 Bxd6 28. Qxf8 $18) 26. Qg8+ Bf8 27. Ne4 Rd8
(27... Rxc4 28. Nxd6+ $18) 28. Nf6+ $1 (28. Nxc5 $18) 28... Ke7 29. Nd5+ Kd7
30. Qxf7+ Kc8 31. Qxe6+ Kb8 32. b3 b5 33. Qf6 Rc8 34. Ne7 Bxe7 35. Rxe7 Rd8 36.
Re6 Kc7 37. Qxd8+ $1 1-0

[Event "Olympiad-31"]
[Site "Moscow"]
[Date "1994.12.04"]
[Round "4.1"]
[White "Morozevich, Alexander"]
[Black "Marin, Mihail"]
[Result "1-0"]
[WhiteElo "2575"]
[BlackElo "2520"]
[Annotator "Gagarin,V"]
[PlyCount "105"]
[EventDate "1994.12.01"]
[EventType "team-swiss"]
[EventRounds "14"]
[EventCountry "RUS"]
[SourceTitle "CBM 045"]
[Source "ChessBase"]
[SourceDate "1995.04.01"]
[SourceVersion "1"]
[SourceVersionDate "1995.04.01"]
[SourceQuality "1"]
[WhiteTeam "Russia II"]
[BlackTeam "Romania"]
[WhiteTeamCountry "RUS"]
[BlackTeamCountry "ROU"]

1. e4 c5 2. Nf3 d6 3. Bb5+ Nd7 4. c3 Ngf6 5. Qe2 a6 6. Ba4 e5 7. O-O Be7 8. d4
b5 9. Bc2 O-O 10. dxe5 (10. Nbd2 Re8 11. dxe5 dxe5 12. Rd1 Qc7 13. Nf1 Bf8 (
13... h6 $5 {Ivkov/}) 14. Bg5 Bb7 15. Rd2 Bc6 16. Rad1 h6 17. Bh4 Nh5 $10 {
Siaperas-Tatai,S/Siegen(ol)/1970/1:0/41/}) (10. Rd1 Qc7 11. d5 Nb6 (11... c4
12. b4 $13 (12. Nbd2 Nc5 13. b4 cxb3 14. axb3 Bg4 $13)) 12. Nbd2 Nh5 13. Nf1 g6
14. Bh6 Re8 15. g3 Bd7 16. Ne3 Bf8 17. Bxf8 Rxf8 18. Nh4 Rae8 $10 {Ciocaltea,
V-Ftacnik,L/Baile Herculane/1982/0,5/59/}) (10. a4 Bb7 $1 11. Rd1 Qc7 12. dxe5
dxe5 13. axb5 axb5 14. Rxa8 Rxa8 15. Na3 (15. Qxb5 $2 Ba6 16. Qb3 $8 (16. Qa4
$2 Nb6 $19) 16... c4 17. Qa2 $8 (17. Qa4 $2 Bb7 18. Qb5 Ra5 $19) 17... Bb7 18.
Na3 Bxa3 19. bxa3 Bxe4 $15) 15... b4 16. Nc4 bxc3 17. bxc3 Ra1 18. Re1 h6 19.
Bd2 $10 {Ambroz,J-Ftacnik,L/CSR(ch)/1982/0,5/19/}) 10... dxe5 11. Rd1 Qc7 12.
a4 Rb8 $2 (12... Bb7 $1 $10 {-10.a4/}) 13. axb5 axb5 14. b3 $14 {<->a/} Ne8 $6
15. Nbd2 Nd6 16. Nf1 Bb7 17. Ne3 $1 {/\ Nd5/} Nxe4 (17... Bxe4 $2 18. Bxe4 Nxe4
19. Nd5 $18) 18. Ra7 $1 Nef6 (18... Nxc3 $2 19. Qd3 e4 20. Qxd7 Qxd7 21. Rxd7
$18) 19. Nf5 $6 (19. Qxb5 $5 Bxf3 $6 (19... e4 20. Nh4 $16) 20. Rxc7 Rxb5 21.
gxf3 $16) 19... Bxf3 20. Nxe7+ Kh8 21. Rxc7 Bxe2 22. Re1 (22. Rcxd7 $2 Nxd7 23.
Rxd7 Ra8 $17 {/\ Ra1/}) 22... Bg4 23. h3 Be6 24. Nc6 Ra8 25. Ra7 (25. Nxe5 $6
Nxe5 26. Rxe5 Ra2 $36) 25... Rxa7 26. Nxa7 c4 $6 (26... Rb8 $5 27. Nc6 Ra8 28.
Nxe5 Nxe5 29. Rxe5 Ra2 30. Bd3 Ra1 31. Re1 Bxb3 32. Bxb5 $14) (26... b4 27. c4
$44) 27. b4 Nd5 28. Bd2 Ra8 (28... Rb8 $5 29. Ra1 $44 {/\ Ra5/} (29. Nc6 $6 Ra8
30. Nxe5 $2 Nxe5 31. Rxe5 Ra2 $19)) 29. Nxb5 Ra2 30. Rc1 N7b6 31. Nd6 {/\
Ne4-c5/} f6 32. Kf1 Kg8 33. Ke1 Bd7 34. Ne4 Ba4 35. Bb1 Rb2 36. Nc5 Be8 37. g3
Bg6 $2 (37... Ne7 $14) 38. Bxg6 hxg6 39. Ra1 $1 $18 {>< Rb2/} g5 40. Kd1 Nxc3+
41. Bxc3 Rxf2 42. Ne4 Rh2 43. Ra5 Kh7 (43... Rxh3 $5 $18) 44. Be1 Rb2 (44...
Rxh3 45. Bf2 $18) 45. Bd2 Kg6 46. g4 $1 Rb3 47. Bc3 Rb1+ 48. Ke2 Rh1 49. Be1
Rxh3 50. Bf2 Rb3 $6 (50... Nd7 51. Ra7 $18) 51. Bxb6 Rxb4 52. Be3 c3 53. Kd3
1-0

[Event "EU-Cup 14th final"]
[Site "Belgrade"]
[Date "1999.01.13"]
[Round "3"]
[White "Oratovsky, Michael"]
[Black "Gelfand, Boris"]
[Result "0-1"]
[WhiteElo "2480"]
[BlackElo "2691"]
[Annotator "Gelfand,B"]
[PlyCount "64"]
[EventDate "1999.01.11"]
[EventType "team-k.o."]
[EventRounds "3"]
[EventCountry "YUG"]
[SourceTitle "EXT 2020"]
[Source "ChessBase"]
[SourceDate "2019.10.17"]
[SourceVersion "1"]
[SourceVersionDate "2019.10.17"]
[SourceQuality "1"]
[WhiteTeam "Petah-Tikva Elitzur"]
[BlackTeam "Zemun Agrouniverzal"]
[WhiteTeamCountry "ISR"]
[BlackTeamCountry "SRB"]

1. e4 c5 2. Nf3 d6 3. Bb5+ Nd7 4. O-O a6 5. Bxd7+ Bxd7 6. d4 cxd4 7. Qxd4 Bg4
$5 8. Qd3 (8. Nc3 Bxf3 9. gxf3 e6 10. Rd1 Rc8 11. Bf4 Rc6 12. Rd3 f6 {~} (12...
f6 13. Qb4 Qb6 14. Qa4 Kf7 15. Rad1 g5 16. Be3 Qxb2 17. Rb1 b5 18. Rxb2 bxa4
19. Nxa4 Ne7 20. Rb6 Rxc2 21. Rdxd6 Nc8 {Jansa-Shabalov,91})) (8. Nbd2 Nf6 9.
h3 Bh5 (9... e5 10. Qd3 Be6 11. Ng5 Nh5 12. Nxe6 fxe6 13. Qb3 Qe7 14. Nf3 h6
15. c4 g6 16. c5 {Komliakov-Lepeshkin,,Moscow,89}) 10. b3 e6 11. Bb2 Be7 12. c4
O-O 13. Qe3 b5 14. Nd4 Qb6 15. Nf5 {+/- Kapengut-Doroshkievich,71,USSR}) 8...
Nf6 9. c4 {N} (9. h3 Bxf3 10. Qxf3 Qc7 11. Nc3 e6 12. Re1 Be7 13. Bf4 Qc6 14.
Qe2 b5 15. Rad1 b4 16. Nb1 d5 17. Be5 dxe4 18. Bxf6 Bxf6 19. Qxe4 Qxe4 20. Rxe4
a5 {=+ Lonborg-Stefansson,98}) 9... Rc8 10. b3 g6 11. Nc3 Bg7 (11... Bxf3 12.
Qxf3 Nd7 13. e5 $5) 12. Nd4 O-O 13. f3 Bd7 14. Be3 Qa5 15. a4 e6 16. Nde2 (16.
Rac1 Rfd8 17. Rfd1 Be8 $132 (17... Bc6 18. Rb1)) 16... d5 $5 17. cxd5 exd5 18.
Bd4 $6 (18. e5 Bf5 19. Qd1 (19. Qd2 Nd7 20. Nxd5 Qxd2 21. Bxd2 Rfe8) 19... Nd7
20. Nxd5 Rfe8 21. b4 Qd8 22. f4 f6 {~}) (18. exd5 Bf5 19. Qd2 Qb4 (19... Rfd8
20. Rad1 Be6 21. Bg5 Rd7 (21... Qb6+ 22. Qd4 Qxd4+ 23. Nxd4 Bxd5 (23... Nxd5
24. Nxe6 fxe6 25. Bxd8) 24. Nf5 Rxc3 25. Ne7+ Kf8 26. Bxf6 Bxf6 27. Nxd5 Rc6
28. Nxf6 Rxd1 29. Nxh7+ Kg7 30. Rxd1 Kxh7 31. Rd7 {+-}) 22. Bxf6 Bxf6 23. Qf4 (
23. Ne4 Qb6+ 24. Kh1 Bg7) 23... Qb6+ 24. Kh1 {+/-}) 20. g4 (20. Rac1 Qxb3 21.
Nd4 Qb4 22. Nxf5 gxf5 {~}) 20... Nxg4 21. fxg4 Qxg4+ 22. Kf2 Qh4+ {=}) 18...
Be6 (18... dxe4 19. fxe4 Ng4 20. Nd5 {+=} (20. Bxg7 Qc7 21. Rf4 Kxg7 22. Qd4+
Ne5)) 19. e5 $6 (19. exd5 Nxd5 20. Bxg7 Kxg7 21. Nxd5 Qxd5 22. Nd4 {=}) 19...
Nd7 20. Qe3 (20. f4 Nc5 {=+} (20... f6 21. exf6 Nxf6 22. Ng3)) 20... Rfe8 21.
f4 f6 22. exf6 (22. b4 Qxb4 23. Rfb1 Qc4) 22... Nxf6 23. Qg3 Bf5 24. Rac1 (24.
Rad1 Ng4 $5 {=+}) 24... Ng4 25. Bxg7 $2 (25. h3 Bxd4+ 26. Nxd4 Ne3 (26... Re3
27. Qh4 (27. Rf3 Rcxc3) 27... Rexc3 28. Rxc3 Qxc3 29. Nxf5 {=}) 27. Nxf5 (27.
Rfe1 Qb6 {-+} (27... Rxc3 28. Rxc3 Qxc3 29. Nxf5 d4 {-/+})) 27... Nxf5 28. Qd3
{=+}) 25... Kxg7 26. h3 Qb6+ 27. Kh1 Ne3 {-+} 28. Rfe1 d4 29. a5 Qd8 30. Na4 (
30. Ng1 Qxa5) 30... Nc2 31. Nb6 (31. Rxc2 Bxc2 (31... Rxc2 32. Nxd4 $1 Qxd4 33.
Rxe8 Bxh3)) 31... Nxe1 32. Nxc8 Rxe2 0-1